<?xml version="1.0" encoding="UTF-8"?>
<record
    xmlns:xsi="http://www.w3.org/2001/XMLSchema-instance"
    xsi:schemaLocation="http://www.loc.gov/MARC21/slim http://www.loc.gov/standards/marcxml/schema/MARC21slim.xsd"
    xmlns="http://www.loc.gov/MARC21/slim">

  <leader>01727nam a22002897a 4500</leader>
  <controlfield tag="005">20150728020001.0</controlfield>
  <controlfield tag="008">140520b2012    ec ||||| |||| 00| 0 spa d</controlfield>
  <datafield tag="020" ind1=" " ind2=" ">
    <subfield code="a">9789942113733</subfield>
  </datafield>
  <datafield tag="041" ind1=" " ind2=" ">
    <subfield code="a">ger</subfield>
  </datafield>
  <datafield tag="044" ind1=" " ind2=" ">
    <subfield code="a">ec</subfield>
  </datafield>
  <datafield tag="082" ind1="0" ind2="4">
    <subfield code="a">574.52621</subfield>
    <subfield code="b">C92p</subfield>
  </datafield>
  <datafield tag="100" ind1="1" ind2=" ">
    <subfield code="a">Crespo-Coello, Patricio</subfield>
    <subfield code="9">1512</subfield>
  </datafield>
  <datafield tag="245" ind1="1" ind2="0">
    <subfield code="a">Puentes entre alturas : </subfield>
    <subfield code="b">La sistematizaci&#xF3;n del Proyecto P&#xE1;ramo Andino en Venezuela, Colombia, Ecuador y Per&#xFA;</subfield>
  </datafield>
  <datafield tag="260" ind1=" " ind2=" ">
    <subfield code="a">Quito</subfield>
    <subfield code="b">CONDESAN</subfield>
    <subfield code="c">2012</subfield>
  </datafield>
  <datafield tag="300" ind1=" " ind2=" ">
    <subfield code="a">299 p.</subfield>
    <subfield code="b">fot. (col), tablas</subfield>
    <subfield code="c">23 cm.</subfield>
  </datafield>
  <datafield tag="504" ind1=" " ind2=" ">
    <subfield code="a">Incluye referencias bibliogr&#xE1;fcas (pag. 258-259)</subfield>
  </datafield>
  <datafield tag="505" ind1=" " ind2=" ">
    <subfield code="a">Presentaci&#xF3;n (p. 14)
Introducci&#xF3;n  (p. 18)
El Proyecto P&#xE1;ramo Andino (p. 24)
La reconstrucci&#xF3;n hist&#xF3;rica de la experiencia  (p. 42)
Hallazgos, miradas y reflexiones: el legado del PPA (p. 86)
Grandes cambios en el mundo paramero (p. 208)
La sostenibilidad y las perspectivas futuras (p. 232)</subfield>
  </datafield>
  <datafield tag="520" ind1=" " ind2=" ">
    <subfield code="a">La experiencia del Proyecto P&#xE1;ramo Andino entrelaz&#xF3; a las comunidades u a os beneficiarios de los P&#xE1;ramos a los t&#xE9;cnicos institucionales y a las organizaciones que trabajan en y por este ecosistema en Per&#xFA;, Ecuador, Colombia y Venezuela.
Trabajo de reflexi&#xF3;n dirigido a todos los p&#xFA;blicos pero especialmente a quienes quieran emprender en el futuro nuevas actividades de conservaci&#xF3;n de los p&#xE1;ramos andinos.</subfield>
  </datafield>
  <datafield tag="650" ind1=" " ind2="6">
    <subfield code="a">P&#xE1;ramos</subfield>
    <subfield code="v">proyectos</subfield>
    <subfield code="z">Regi&#xF3;n Andina</subfield>
    <subfield code="9">24147</subfield>
  </datafield>
  <datafield tag="650" ind1=" " ind2="6">
    <subfield code="a">Ecosistemas</subfield>
    <subfield code="v">proyectos</subfield>
    <subfield code="z">Regi&#xF3;n Andina</subfield>
    <subfield code="9">24148</subfield>
  </datafield>
  <datafield tag="650" ind1=" " ind2="6">
    <subfield code="a">Ecolog&#xED;a de p&#xE1;ramos</subfield>
    <subfield code="v">proyectos</subfield>
    <subfield code="z">Regi&#xF3;n Andina</subfield>
    <subfield code="9">24149</subfield>
  </datafield>
  <datafield tag="651" ind1=" " ind2="6">
    <subfield code="a">Ecuador</subfield>
    <subfield code="z">Regi&#xF3;n Andina</subfield>
    <subfield code="9">24150</subfield>
  </datafield>
  <datafield tag="651" ind1=" " ind2="6">
    <subfield code="a">Colombia</subfield>
    <subfield code="z">Regi&#xF3;n Andina</subfield>
    <subfield code="9">24151</subfield>
  </datafield>
  <datafield tag="651" ind1=" " ind2="6">
    <subfield code="a">Per&#xFA;</subfield>
    <subfield code="z">Regi&#xF3;n Andina</subfield>
    <subfield code="9">24152</subfield>
  </datafield>
  <datafield tag="651" ind1=" " ind2="6">
    <subfield code="a">Venezuela</subfield>
    <subfield code="z">Regi&#xF3;n Andina</subfield>
    <subfield code="9">24153</subfield>
  </datafield>
  <datafield tag="942" ind1=" " ind2=" ">
    <subfield code="2">ddc</subfield>
    <subfield code="c">Impreso</subfield>
    <subfield code="0">4</subfield>
  </datafield>
  <datafield tag="999" ind1=" " ind2=" ">
    <subfield code="c">8439</subfield>
    <subfield code="d">8439</subfield>
  </datafield>
  <datafield tag="952" ind1=" " ind2=" ">
    <subfield code="0">0</subfield>
    <subfield code="1">0</subfield>
    <subfield code="2">ddc</subfield>
    <subfield code="4">0</subfield>
    <subfield code="7">0</subfield>
    <subfield code="8">HUMBOLDT</subfield>
    <subfield code="I">INV2017</subfield>
    <subfield code="a">Bogota</subfield>
    <subfield code="b">Bogota</subfield>
    <subfield code="d">2014-05-20</subfield>
    <subfield code="e">Instituto</subfield>
    <subfield code="g">39000.00</subfield>
    <subfield code="l">2</subfield>
    <subfield code="o">IAVH-574.52621 C92p</subfield>
    <subfield code="p">038047</subfield>
    <subfield code="r">2018-08-15 00:00:00</subfield>
    <subfield code="s">2018-08-15</subfield>
    <subfield code="t">Ej. 1</subfield>
    <subfield code="w">2014-05-20</subfield>
    <subfield code="x">Institucional</subfield>
    <subfield code="y">LIBRO</subfield>
  </datafield>
  <datafield tag="952" ind1=" " ind2=" ">
    <subfield code="0">0</subfield>
    <subfield code="1">0</subfield>
    <subfield code="2">ddc</subfield>
    <subfield code="4">0</subfield>
    <subfield code="7">0</subfield>
    <subfield code="8">HUMBOLDT</subfield>
    <subfield code="I">INV2017</subfield>
    <subfield code="a">Venado</subfield>
    <subfield code="b">Venado</subfield>
    <subfield code="d">2014-07-25</subfield>
    <subfield code="e">Instituto</subfield>
    <subfield code="g">39000.00</subfield>
    <subfield code="l">0</subfield>
    <subfield code="o">IAVH-574.52621 C92p</subfield>
    <subfield code="p">038193</subfield>
    <subfield code="r">2014-07-25 00:00:00</subfield>
    <subfield code="t">Ej. 2</subfield>
    <subfield code="w">2014-07-25</subfield>
    <subfield code="x">Institucional</subfield>
    <subfield code="y">LIBRO</subfield>
  </datafield>
  <datafield tag="952" ind1=" " ind2=" ">
    <subfield code="0">0</subfield>
    <subfield code="1">0</subfield>
    <subfield code="2">ddc</subfield>
    <subfield code="4">0</subfield>
    <subfield code="7">0</subfield>
    <subfield code="8">HUMBOLDT</subfield>
    <subfield code="I">INV2017</subfield>
    <subfield code="a">Bogota</subfield>
    <subfield code="b">Bogota</subfield>
    <subfield code="d">2014-07-29</subfield>
    <subfield code="e">Instituto</subfield>
    <subfield code="g">39000.00</subfield>
    <subfield code="l">3</subfield>
    <subfield code="o">IAVH-574.52621 C92p</subfield>
    <subfield code="p">038238</subfield>
    <subfield code="r">2015-09-10 00:00:00</subfield>
    <subfield code="s">2015-07-27</subfield>
    <subfield code="t">Ej. 3</subfield>
    <subfield code="w">2014-07-29</subfield>
    <subfield code="x">Institucional</subfield>
    <subfield code="y">LIBRO</subfield>
  </datafield>
  <datafield tag="952" ind1=" " ind2=" ">
    <subfield code="0">0</subfield>
    <subfield code="1">0</subfield>
    <subfield code="2">ddc</subfield>
    <subfield code="4">0</subfield>
    <subfield code="7">0</subfield>
    <subfield code="8">HUMBOLDT</subfield>
    <subfield code="I">INV2017</subfield>
    <subfield code="a">Venado</subfield>
    <subfield code="b">Venado</subfield>
    <subfield code="d">2015-07-17</subfield>
    <subfield code="e">Instituto</subfield>
    <subfield code="g">39000.00</subfield>
    <subfield code="l">0</subfield>
    <subfield code="o">IAVH-574.52621 C92p</subfield>
    <subfield code="p">039137</subfield>
    <subfield code="r">2015-07-17 00:00:00</subfield>
    <subfield code="t">Ej. 4</subfield>
    <subfield code="w">2015-07-17</subfield>
    <subfield code="x">Institucional</subfield>
    <subfield code="y">LIBRO</subfield>
  </datafield>
</record>
